000 00996 a2200217 4500
001 38212
005 20260407155646.0
008 260407a1989 arg spa d
003 AR-UNSa-BCEJYS
040 _aAR-UNSa-BCEJYS
_bspa
_cAR-UNSa-BCEJYS
080 _a658.81
_xOrganización de las ventas
245 1 0 _aComo vender en tiempos de crisis
020 _a950-641-090-9
264 1 _aBarcelona :
_bGranica
_c1989
300 _a317 p.
_c23 cm.
505 _a1. De que trata este libro - 2. Comprender el nuevo juego - 3. Las reglas del nuevo juego - 4. Los que cambian el juego - 5. Usted no puede fracasar - 6. Vender con un objeto - 7. Crear una visión - 8. Ser lider de un equipo - 9. Asociarse - 10. Valor agregado - 11. Aplicar el principio de la potenciación - 12. La superioridad natural de las mujeres - 13. Cómo dirigir un equipo de ventas de alto desempeño.
942 _cBK
590 _aniveau_biblio:m niveau_hierar:0
100 1 _aWilson, Larry
700 1 _aWilson, Hersh
999 _c2861
_d2861